| 000 | 00480nam a2200193 a 4500 | ||
|---|---|---|---|
| 001 | 1758355767057 | ||
| 003 | YourLibrary | ||
| 005 | 20250920134231.0 | ||
| 008 | 250920s1955##################000#0#eng## | ||
| 020 | _a9780121822620 | ||
| 082 | 0 | 4 |
_a572.7 _bCAD |
| 100 | 1 |
_aColowick, Sidney P., _eauthor. |
|
| 245 | 1 | 0 | _aMethods in Enzymology : |
| 260 | _c1955. | ||
| 300 | _a560 pages | ||
| 650 | 0 | _aBiochemistry. | |
| 942 | _cENGLISH | ||
| 040 |
_aYourLibrary _beng _cYourLibrary |
||
| 999 |
_c588406 _d588406 |
||